NBA Most Improved Players - Statistics

General Stats
  • This quiz has been taken 9 times
  • The average score is 5 of 41
Answer Stats
Hint Answer % Correct
2017 Giannis Antetokounmpo
56%
2024 Tyrese Maxey
56%
2025 Dyson Daniels
33%
2023 Lauri Markkanen
33%
2019 Pascal Siakam
33%
2013 Paul George
33%
2018 Victor Oladipo
33%
2016 C.J. McCollum
22%
2022 Ja Morant
22%
2015 Jimmy Butler
22%
1986 Alvin Robertson
11%
2006 Boris Diaw
11%
2020 Brandon Ingram
11%
1987 Dale Ellis
11%
2009 Danny Granger
11%
2003 Gilbert Arenas
11%
2000 Jalen Rose
11%
2021 Julius Randle
11%
1989 Kevin Johnson
11%
2007 Monta Ellis
11%
2012 Ryan Anderson
11%
2001 Tracy McGrady
11%
2004 Zach Randolph
11%
2010 Aaron Brooks
0%
1998 Alan Henderson
0%
2005 Bobby Simmons
0%
1995 Dana Barros
0%
1999 Darrell Armstrong
0%
1994 Don MacLean
0%
1996 Gheroghe Muresan
0%
2014 Goran Dragic
0%
2008 Hedo Turkoglu
0%
1997 Isaac Austin
0%
2002 Jermaine O'Neal
0%
1988 Kevin Duckworth
0%
2011 Kevin Love
0%
1993 Mahmoud Abdul-Rauf
0%
2026 Nickel Alexander-Walker
0%
1992 Pervis Ellison
0%
1990 Rony Seikaly
0%
1991 Scott Skiles
0%
No matching quizzes found
Score Distribution
Percent of People with Each Score
Percentile by Number Answered
Your Score History
You have not taken this quiz